International Politics (Record no. 10614)

MARC details
000 -LEADER
fixed length control field 00398nam a22001697a 4500
003 - CONTROL NUMBER IDENTIFIER
control field OSt
008 - FIXED-LENGTH DATA ELEMENTS--GENERAL INFORMATION
fixed length control field 210408b ||||| |||| 00| 0 eng d
020 ## - INTERNATIONAL STANDARD BOOK NUMBER
International Standard Book Number 9789353396961
100 ## - MAIN ENTRY--PERSONAL NAME
Personal name FADIA,BL
245 ## - TITLE STATEMENT
Title International Politics
250 ## - EDITION STATEMENT
Edition statement 21th Revised Ed.
260 ## - PUBLICATION, DISTRIBUTION, ETC. (IMPRINT)
Place of publication, distribution, etc Agra
Name of publisher, distributor, etc Sahitya Bhawan
Date of publication, distribution, etc 2020
300 ## - PHYSICAL DESCRIPTION
Extent 650
650 ## - SUBJECT ADDED ENTRY--TOPICAL TERM
Topical term or geographic name as entry element BAHONSENG
700 ## - ADDED ENTRY--PERSONAL NAME
Personal name FADIA,Kuldeep
942 ## - ADDED ENTRY ELEMENTS (KOHA)
Source of classification or shelving scheme Dewey Decimal Classification
Koha item type Text Books
942 ## - ADDED ENTRY ELEMENTS (KOHA)
-- 2
Holdings
Withdrawn status Lost status Source of classification or shelving scheme Damaged status Not for loan Collection code Home library Current library Date acquired Source of acquisition Currency Cost, normal purchase price Bill Number Total Checkouts Acc. no. / Barcode Date last seen Date last borrowed Actual Cost, discounted price Bill Date Koha item type
    Dewey Decimal Classification     B.A Hons. English PIET NCR College Library PIET NCR College Library 03/04/2021 Kirti Praskshan IN Rupees 650.00 IN1981 2 N849 30/10/2021 15/09/2021 546.00 03/04/2021 Reference Books

Design & Developed by: PIET Central Library
R70 Miles Stone Pattikalyana Samalkha Panipat 132102
mail ID :- [email protected], Phone No:- 0180-2569700 Ex.216